<?xml version="1.0" encoding="UTF-8"?>
<collection xmlns="http://www.loc.gov/MARC21/slim">
<record>
  <controlfield tag="001">132402</controlfield>
  <controlfield tag="005">20260218073154.0</controlfield>
  <datafield tag="591" ind1=" " ind2=" ">
    <subfield code="a">PLANT SCIENCES</subfield>
    <subfield code="b">12 / 273 = 0.044</subfield>
    <subfield code="c">2024</subfield>
    <subfield code="d">Q1</subfield>
    <subfield code="e">T1</subfield>
  </datafield>
  <datafield tag="590" ind1=" " ind2=" ">
    <subfield code="a">8.1</subfield>
    <subfield code="b">2024</subfield>
  </datafield>
  <datafield tag="593" ind1=" " ind2=" ">
    <subfield code="a">Plant Science</subfield>
    <subfield code="c">2024</subfield>
    <subfield code="d">Q1</subfield>
  </datafield>
  <datafield tag="593" ind1=" " ind2=" ">
    <subfield code="a">Physiology</subfield>
    <subfield code="c">2024</subfield>
    <subfield code="d">Q1</subfield>
  </datafield>
  <datafield tag="592" ind1=" " ind2=" ">
    <subfield code="a">3.293</subfield>
    <subfield code="b">2024</subfield>
  </datafield>
  <datafield tag="594" ind1=" " ind2=" ">
    <subfield code="a">17.5</subfield>
    <subfield code="b">2024</subfield>
  </datafield>
  <datafield tag="980" ind1=" " ind2=" ">
    <subfield code="a">ARTICLE</subfield>
  </datafield>
  <datafield tag="700" ind1=" " ind2=" ">
    <subfield code="a">Aguiar, Martín R.</subfield>
  </datafield>
  <datafield tag="700" ind1=" " ind2=" ">
    <subfield code="a">Saiz, Hugo</subfield>
    <subfield code="u">Universidad de Zaragoza</subfield>
  </datafield>
  <datafield tag="700" ind1=" " ind2=" ">
    <subfield code="a">Gross, Nicolas</subfield>
  </datafield>
  <datafield tag="700" ind1=" " ind2=" ">
    <subfield code="a">Le Bagousse-Pinguet, Yoann</subfield>
  </datafield>
  <datafield tag="700" ind1=" " ind2=" ">
    <subfield code="a">Eldridge, David J.</subfield>
  </datafield>
  <datafield tag="700" ind1=" " ind2=" ">
    <subfield code="a">Maestre, Fernando T.</subfield>
  </datafield>
  <datafield tag="037" ind1=" " ind2=" ">
    <subfield code="a">ART-2024-137644</subfield>
  </datafield>
  <datafield tag="856" ind1="4" ind2=" ">
    <subfield code="s">238244</subfield>
    <subfield code="u">http://zaguan.unizar.es/record/132402/files/texto_completo.pdf</subfield>
    <subfield code="y">Versión publicada</subfield>
    <subfield code="z">info:eu-repo/date/embargoEnd/2025-02-01</subfield>
  </datafield>
  <datafield tag="856" ind1="4" ind2=" ">
    <subfield code="s">1479821</subfield>
    <subfield code="u">http://zaguan.unizar.es/record/132402/files/texto_completo.jpg?subformat=icon</subfield>
    <subfield code="x">icon</subfield>
    <subfield code="y">Versión publicada</subfield>
    <subfield code="z">info:eu-repo/date/embargoEnd/2025-02-01</subfield>
  </datafield>
  <datafield tag="951" ind1=" " ind2=" ">
    <subfield code="a">2026-02-17-20:20:19</subfield>
  </datafield>
  <datafield tag="540" ind1=" " ind2=" ">
    <subfield code="9">info:eu-repo/semantics/openAccess</subfield>
    <subfield code="a">All rights reserved</subfield>
    <subfield code="u">http://www.europeana.eu/rights/rr-f/</subfield>
  </datafield>
  <datafield tag="655" ind1=" " ind2="4">
    <subfield code="a">info:eu-repo/semantics/article</subfield>
    <subfield code="v">info:eu-repo/semantics/publishedVersion</subfield>
  </datafield>
  <datafield tag="520" ind1="3" ind2=" ">
    <subfield code="a">A comment on Holdo &amp; Nippert (2023): ‘Linking resource- and disturbance-based models to explain tree–grass coexistence in savannas’
In their recent Tansley Review, Holdo &amp; Nippert (2023) provide a comprehensive analysis of existing models that explain tree–grass coexistence along precipitation gradients in savannas. They highlight the diverse assumptions of the different models proposed in the literature and conclude that none can fully explain tree–grass coexistence along a rainfall gradient. Consequently, they propose essential elements that a synthetic model should incorporate to solve the ‘treeness conundrum’ (sensu House et al., 2003). Holdo &amp; Nippert assert that tree dominance is mainly limited by ecohydrological mechanisms in dry savannas and by disturbances in wet savannas. These concepts and mechanisms are summarized in their fig. 1, where they modify the ‘Sankaran curve’ estimated for Africa (Sankaran et al., 2005) to account for the effect of soil texture along rainfall gradients (upper boundary on tree cover is achieved with lower precipitation in coarser than in fine soils).</subfield>
  </datafield>
  <datafield tag="506" ind1="0" ind2=" ">
    <subfield code="a">Access copy available to the general public</subfield>
    <subfield code="f">Unrestricted</subfield>
  </datafield>
  <datafield tag="773" ind1=" " ind2=" ">
    <subfield code="g">242, 3 (2024), 836-840</subfield>
    <subfield code="p">New phytol.</subfield>
    <subfield code="t">New Phytologist</subfield>
    <subfield code="x">0028-646X</subfield>
  </datafield>
  <datafield tag="710" ind1="2" ind2=" ">
    <subfield code="1">5011</subfield>
    <subfield code="2">220</subfield>
    <subfield code="a">Universidad de Zaragoza</subfield>
    <subfield code="b">Dpto. CC.Agrar.y Medio Natural</subfield>
    <subfield code="c">Área Ecología</subfield>
  </datafield>
  <datafield tag="245" ind1=" " ind2=" ">
    <subfield code="a">Upper boundary on tree cover at global drylands</subfield>
  </datafield>
  <datafield tag="024" ind1="7" ind2=" ">
    <subfield code="2">doi</subfield>
    <subfield code="a">10.1111/nph.19598</subfield>
  </datafield>
  <datafield tag="024" ind1="8" ind2=" ">
    <subfield code="2">sideral</subfield>
    <subfield code="a">137644</subfield>
  </datafield>
  <datafield tag="260" ind1=" " ind2=" ">
    <subfield code="c">2024</subfield>
  </datafield>
  <datafield tag="100" ind1=" " ind2=" ">
    <subfield code="a">Biancari, Lucio</subfield>
  </datafield>
  <datafield tag="041" ind1=" " ind2=" ">
    <subfield code="a">eng</subfield>
  </datafield>
  <datafield tag="909" ind1="C" ind2="O">
    <subfield code="o">oai:zaguan.unizar.es:132402</subfield>
    <subfield code="p">articulos</subfield>
    <subfield code="p">driver</subfield>
  </datafield>
  <datafield tag="536" ind1=" " ind2=" ">
    <subfield code="9">info:eu-repo/grantAgreement/EC/H2020/647038/EU/Biological feedbacks and ecosystem resilience under global change: a new perspective on dryland desertification/BIODESERT</subfield>
    <subfield code="9">This project has received funding from the European Union’s Horizon 2020 research and innovation program under grant agreement No H2020 647038-BIODESERT</subfield>
    <subfield code="9">info:eu-repo/grantAgreement/ES/MICINN-AEI-FEDER/PID2020-116578RB-I00</subfield>
  </datafield>
</record>
</collection>